О студенческом профкоме ТПУ; Инновационный подход в теории и практике воспитательной работы в вузе

Dades bibliogràfiques
Parent link:Инновационный подход в теории и практике воспитательной работы в вузе.— 2007.— С. 175-177
Autor principal: Лаптев Д. А.
Idioma:rus
Publicat: 2007
Matèries:
Format: MixedMaterials Capítol de llibre
KOHA link:https://koha.lib.tpu.ru/cgi-bin/koha/opac-detail.pl?biblionumber=144364

MARC

LEADER 00000naa2a2200000 4500
001 144364
005 20231031143626.0
035 |a (RuTPU)RU\TPU\book\156454 
090 |a 144364 
100 |a 20081002d2007 k y0rusy50 ca 
101 0 |a rus 
102 |a RU 
200 1 |a О студенческом профкоме ТПУ  |f Д. А. Лаптев 
463 0 |0 (RuTPU)RU\TPU\book\140187  |y 5-98425-009-8  |t Инновационный подход в теории и практике воспитательной работы в вузе  |o материалы Всероссийской научно-практической конференции, 12-14 декабря 2007 г., Томск  |f Томский политехнический университет (ТПУ)  |v С. 175-177  |d 2007  |p 202 с. 
610 1 |a профсоюзы 
610 1 |a студенческий профсоюз 
610 1 |a профкомы 
610 1 |a Томский политехнический университет 
610 1 |a студенческий профком 
610 1 |a студенческие организации 
610 1 |a студенческие отряды 
610 1 |a биржи труда 
610 1 |a студенты 
610 1 |a туристические клубы 
610 1 |a труды учёных ТПУ 
700 1 |a Лаптев  |b Д. А. 
801 1 |a RU  |b 63413507  |c 20081002  |g PSBO 
942 |c BK